Statistics for Marvel Quotes Quiz

Click here to take the quiz!

General Stats

  • This quiz has been taken 774 times
  • The average score is 10 of 13

Answer Stats

HintAnswer% Correct
“We did it Mr. Stark, We won.”Spiderman
99%
“I can do this all day”Captain America
95%
“This drink, I like it. Another!”Thor
92%
“How much for the arm?”Rocket Raccoon
87%
“Dormammu, I’ve come to bargain”Doctor Strange
85%
“Dance-off bro, me and you”Star Lord
79%
“Puny god”Hulk
78%
“Doth mother know you weareth her drapes?”Iron Man
78%
“I get emails from a raccoon, nothing sounds crazy anymore”Black Widow
75%
“Don’t give me hope”Hawkeye
58%
“I’m listening?”Loki
49%
“I do what he does, just slower”Falcon
46%
“The hardest choices require the strongest wills”Thanos
44%

Score Distribution

Percentile by Number Answered

Percent of People with Each Score

Your Score History

You have not taken this quiz